South Asian Foods - Statistics

General Stats
  • This quiz has been taken 1,751 times
    866 since last reset
  • The average score is 14 of 23
Answer Stats
Hint Answer % Correct
A triangular shaped pastry filled with meat and/or vegetables Samosa
86%
Strong tea with lots of milk (often, spices are added as well) Chai
84%
Soft, leavened flatbread that is baked in an oven Naan
84%
Unleavened bread that is cooked on a flat pan Roti
82%
Spiced rice dish, usually made with meat Biryani
78%
Lentils Daal
76%
Yogurt-based drink, often with blended fruit like mango Lassi
75%
South Indian crepe, often stuffed with potatoes and spices Dosa
66%
Roasted chicken, usually a bright red color Tandoori Chicken
66%
Meat on a stick Kabab
64%
Roasted chicken chunks in a spiced tomato sauce, very popular in Western countries Chicken Tikka Masala
63%
A thick, green-colored dish made of cheese and pureed spinach Saag Paneer
63%
Deep-fried cheese balls in syrup Gulab Jamun
62%
Vegetable fritters Pakora
58%
Nepali dumpling Momo
56%
The South Asian version of ice cream Kulfi
54%
South Indian rice-and-lentil cakes Idli
48%
Fried dough shaped into pretzel-like knots, then submerged in syrup Jalebi
47%
Rice pudding Kheer
47%
Cauliflower and potatoes sautéed with spices, especially turmeric Aloo Gobi
46%
Dense sweet made of varying ingredients like carrots, semolina, and even mung beans Halwa
43%
Common street food that involves something spicy and crunchy often served with a yogurt based sauce Chaat
34%
Meatballs (although sometimes these are actually not made with meat at all) Kofta
31%
No matching quizzes found
Score Distribution
Percent of People with Each Score
Percentile by Number Answered
Your Score History
You have not taken this quiz since the last reset